| 000 | 00914nam a22002177a 4500 | ||
|---|---|---|---|
| 999 |
_c7079 _d7079 |
||
| 003 | AR-CdUCM | ||
| 008 | 190319b ||||| |||| 00| 0 spa d | ||
| 040 |
_aMUNICIPALIDAD PROVINCIAL DEL CUSCO _cBIBLIOTECA MUNICIPAL DEL CUSCO |
||
| 041 | _heng. | ||
| 082 |
_a510 / _bT25 |
||
| 110 |
_aNational Council of Teachers of Mathematics _919605 |
||
| 245 | _aEl sistema de los números racionales / | ||
| 260 |
_aMéxico : _bEdit. Trillas, _c1970. |
||
| 300 |
_a116 paginas ; _bIlustraciones, _c23 cm. |
||
| 440 |
_aTemas de Matematica _919934 |
||
| 505 | _aContenido :Una ojeada intuitiva a los números racionales --Números racionales denominados por medio de fracciones --Adicción y sustracción de numero decimales --Multiplicación de división de números racionales ... | ||
| 650 |
_aNúmeros racionales _919935 |
||
| 700 |
_aFederico Velasco Coba (traductor) _919607 |
||
| 942 |
_2ddc _cLIBROS |
||
| 945 | _arjall | ||